[Event "Struga Lake Queen U18 op"]
[Site "Struga"]
[Date "2023.09.09"]
[Round "4"]
[White "Raftopoulos, Emmanouil"]
[Black "Ismaili, Admirim"]
[Result "1-0"]
[WhiteElo "1388"]
[BlackElo "1503"]
[PlyCount "73"]
[EventDate "2023.09.08"]
[EventType "swiss"]
[EventRounds "6"]
[EventCountry "MKD"]
[SourceTitle "EXT 2024"]
[Source "ChessBase"]
[SourceDate "2023.10.10"]
[SourceVersion "1"]
[SourceVersionDate "2023.10.10"]
[SourceQuality "1"]

1. d4 d5 2. Bf4 c5 3. e3 cxd4 4. exd4 Nc6 5. c3 f6 6. Bd3 e5 7. Qh5+ g6 8. Bxg6+ hxg6 9. Qxh8 exf4 10. Qxg8 Bf5 11. Ne2 Qe7 12. Qxd5 Be4 13. Qb5 Bxg2 14. Rg1 f3 15. Qd3 Bh6 16. Nd2 Bxd2+ 17. Kxd2 0-0-0 18. Nf4 Ne5 19. Qb5 a6 20. Qb3 b5 21. Qe6+ Qxe6 22. Nxe6 Nc4+ 23. Kc2 Rh8 24. Nf4 Rxh2 25. Nxg2 fxg2 26. Rae1 f5 27. b3 Nb6 28. Re5 f4 29. f3 Kd7 30. Rg5 Rh3 31. R1xg2 Rxf3 32. Rh2 Ke7 33. Rxg6 Nd5 34. Rxa6 Rxc3+ 35. Kd2 b4 36. Rh7+ Kd8 37. Ra8+ 1-0

[Event "Struga Lake Queen U18 op"]
[Site "Struga"]
[Date "2023.09.08"]
[Round "1"]
[White "Ismaili, Admirim"]
[Black "Lakinski, Simeon"]
[Result "1-0"]
[WhiteElo "1503"]
[BlackElo "1006"]
[PlyCount "41"]
[EventDate "2023.09.08"]
[EventType "swiss"]
[EventRounds "6"]
[EventCountry "MKD"]
[SourceTitle "EXT 2024"]
[Source "ChessBase"]
[SourceDate "2023.10.10"]
[SourceVersion "1"]
[SourceVersionDate "2023.10.10"]
[SourceQuality "1"]

1. e4 e6 2. Nf3 d5 3. Nc3 c5 4. exd5 exd5 5. d4 Nf6 6. Bb5+ Nc6 7. 0-0 Be7 8. Ne5 Bd7 9. Nxd7 Qxd7 10. dxc5 0-0 11. Be3 a6 12. Ba4 Rfd8 13. Bd4 Qf5 14. Re1 Nxd4 15. Qxd4 Bf8 16. b4 a5 17. a3 axb4 18. axb4 b6 19. c6 Qc8 20. Bb5 Rb8 21. Ra7 1-0

[Event "Struga Youth op-A 2nd"]
[Site "Struga"]
[Date "2021.09.11"]
[Round "5"]
[White "Ismaili, Admirim"]
[Black "Jovanoski, Aleksandar"]
[Result "1/2-1/2"]
[WhiteElo "1625"]
[BlackElo "1302"]
[PlyCount "97"]
[EventDate "2021.09.08"]
[EventType "swiss"]
[EventRounds "7"]
[EventCountry "MKD"]
[SourceTitle "CBM 204 Extra"]
[Source "ChessBase"]
[SourceDate "2021.11.30"]
[SourceVersion "1"]
[SourceVersionDate "2021.11.30"]
[SourceQuality "1"]

1. e4 c5 2. Nf3 d6 3. d4 cxd4 4. Nxd4 Nf6 5. Nc3 a6 6. g3 g6 7. Be3 Bg7 8. f3 0-0 9. Qd2 Nbd7 10. 0-0-0 b5 11. Nc6 Qe8 12. a3 Bb7 13. Nd4 Rc8 14. Bh6 Qd8 15. h4 Qa5 16. Kb1 Bxh6 17. Qxh6 Rxc3 18. bxc3 Qxa3 19. Nb3 Nb6 20. Qc1 Qxc1+ 21. Kxc1 Rc8 22. Kd2 Na4 23. Na5 Ba8 24. c4 Nb2 25. Rb1 Nxc4+ 26. Nxc4 bxc4 27. Bxc4 Nxe4+ 28. fxe4 Bxe4 29. Bd3 Bxh1 30. Rxh1 a5 31. Rb1 Rc7 32. Rb8+ Kg7 33. Ra8 Rc5 34. Ra7 Kf6 35. g4 h6 36. Ke3 Ke6 37. Rb7 Re5+ 38. Kd2 Rc5 39. c4 d5 40. Rb5 Kd6 41. Rb6+ Rc6 42. Rxc6+ Kxc6 43. Kc3 e6 44. Kd4 dxc4 45. Bxc4 Kd6 46. Bb5 g5 47. hxg5 hxg5 48. Ke4 f6 49. Be8 1/2-1/2

[Event "Struga Youth op-A 2nd"]
[Site "Struga"]
[Date "2021.09.10"]
[Round "4"]
[White "Zeneli, Klendi"]
[Black "Ismaili, Admirim"]
[Result "1-0"]
[WhiteElo "1645"]
[BlackElo "1625"]
[PlyCount "35"]
[EventDate "2021.09.08"]
[EventType "swiss"]
[EventRounds "7"]
[EventCountry "MKD"]
[SourceTitle "CBM 204 Extra"]
[Source "ChessBase"]
[SourceDate "2021.11.30"]
[SourceVersion "1"]
[SourceVersionDate "2021.11.30"]
[SourceQuality "1"]

1. e4 c5 2. c3 d5 3. exd5 Qxd5 4. Nf3 Nc6 5. Na3 Bg4 6. Be2 e5 7. d3 0-0-0 8. Nc4 Bh5 9. 0-0 Bg6 10. Be3 f6 11. Ne1 h5 12. Qa4 Nh6 13. b4 Kb8 14. bxc5 Ng4 15. Bf3 Qd7 16. Rb1 e4 17. Bxg4 hxg4 18. Bf4+ 1-0

[Event "FRM-ch U16"]
[Site "Ohrid"]
[Date "2020.08.29"]
[Round "9"]
[White "Risteski, Emil"]
[Black "Ismaili, Admirim"]
[Result "1-0"]
[WhiteElo "2159"]
[BlackElo "1623"]
[PlyCount "63"]
[EventDate "2020.08.25"]
[EventType "tourn"]
[EventRounds "9"]
[EventCountry "MKD"]
[SourceTitle "CBM 198 Extra"]
[Source "ChessBase"]
[SourceDate "2020.11.30"]
[SourceVersion "1"]
[SourceVersionDate "2020.11.30"]
[SourceQuality "1"]

1. e4 c5 2. Nf3 d6 3. d4 cxd4 4. Nxd4 Nf6 5. Nc3 a6 6. h3 e5 7. Nb3 h5 8. Be2 Be7 9. 0-0 Be6 10. Be3 Qc7 11. Nd5 Bxd5 12. exd5 Nbd7 13. c4 Nc5 14. Nxc5 dxc5 15. Qd2 Bd6 16. f4 Ne4 17. Qd3 f5 18. Bf3 Ng3 19. fxe5 Bxe5 20. Rfe1 0-0-0 21. Rab1 f4 22. Bf2 Bd6 23. Re6 g5 24. Bxg3 fxg3 25. Qf5 Rhf8 26. Qxg5 Qh7 27. Qg6 Qh8 28. Rxd6 Qd4+ 29. Kh1 Rxf3 30. Qe6+ Kb8 31. Rxd8+ Ka7 32. Qe8 1-0

[Event "FRM-ch U16"]
[Site "Ohrid"]
[Date "2020.08.28"]
[Round "7"]
[White "Nikolovski, Branko Nikola"]
[Black "Ismaili, Admirim"]
[Result "1/2-1/2"]
[WhiteElo "1291"]
[BlackElo "1623"]
[PlyCount "81"]
[EventDate "2020.08.25"]
[EventType "tourn"]
[EventRounds "9"]
[EventCountry "MKD"]
[SourceTitle "CBM 198 Extra"]
[Source "ChessBase"]
[SourceDate "2020.11.30"]
[SourceVersion "1"]
[SourceVersionDate "2020.11.30"]
[SourceQuality "1"]

1. e4 c5 2. Nf3 d6 3. d4 cxd4 4. Qxd4 Bd7 5. Nc3 Nc6 6. Qd3 Nf6 7. Bg5 a6 8. Bxf6 gxf6 9. 0-0-0 e6 10. Nd4 Ne5 11. Qg3 Rc8 12. f4 Nc4 13. b3 Na3 14. Nb1 Nxb1 15. Kxb1 Qc7 16. c4 b5 17. Qf2 Qb7 18. cxb5 axb5 19. Bd3 d5 20. exd5 Qxd5 21. Rhe1 Bc5 22. Be4 Bxd4 23. Rxd4 Qc5 24. Qd2 Bc6 25. Rc1 Bxe4+ 26. Rxe4 Qxc1+ 27. Qxc1 Rxc1+ 28. Kxc1 Kd7 29. Kd2 Kd6 30. a4 Kd5 31. Kd3 bxa4 32. Rxa4 e5 33. Ra5+ Kd6 34. fxe5+ fxe5 35. Ke4 f5+ 36. Ke3 Rb8 37. Ra6+ Kd5 38. Ra5+ Kd6 39. Ra6+ Ke7 40. Ra3 Kf6 41. Kd3 1/2-1/2

[Event "Struga Lake Queen op"]
[Site "Struga"]
[Date "2019.09.08"]
[Round "4"]
[White "Ismaili, Admirim"]
[Black "Kalin, Andrei"]
[Result "1-0"]
[WhiteElo "1483"]
[BlackElo "1301"]
[PlyCount "49"]
[EventDate "2019.09.07"]
[EventType "swiss"]
[EventRounds "7"]
[EventCountry "MKD"]
[SourceTitle "EXT 2020"]
[Source "ChessBase"]
[SourceDate "2019.10.17"]
[SourceVersion "1"]
[SourceVersionDate "2019.10.17"]
[SourceQuality "1"]

1. e4 c5 2. Nf3 d6 3. d4 cxd4 4. Nxd4 Nf6 5. Nc3 g6 6. Be3 Bg7 7. Be2 0-0 8. Qd2 Nc6 9. 0-0-0 Nxd4 10. Bxd4 Be6 11. h4 Qc7 12. Kb1 Rfc8 13. h5 Qa5 14. hxg6 fxg6 15. a3 a6 16. f4 b5 17. f5 gxf5 18. exf5 Bxf5 19. Qg5 Bg6 20. Bd3 Bxd3 21. Rxd3 Qd8 22. Rg3 Qf8 23. Nd5 Rc6 24. Nxe7+ Qxe7 25. Bxf6 1-0

[Event "Struga Lake Queen op"]
[Site "Struga"]
[Date "2019.09.08"]
[Round "3"]
[White "Naskov, Aleks"]
[Black "Ismaili, Admirim"]
[Result "1-0"]
[WhiteElo "1235"]
[BlackElo "1483"]
[PlyCount "47"]
[EventDate "2019.09.07"]
[EventType "swiss"]
[EventRounds "7"]
[EventCountry "MKD"]
[SourceTitle "EXT 2020"]
[Source "ChessBase"]
[SourceDate "2019.10.17"]
[SourceVersion "1"]
[SourceVersionDate "2019.10.17"]
[SourceQuality "1"]

1. e4 c6 2. d4 d5 3. exd5 cxd5 4. Nf3 Nf6 5. Bg5 Ne4 6. Bh4 Qb6 7. b3 Bf5 8. Bd3 e6 9. 0-0 Nc6 10. c4 dxc4 11. bxc4 Qb2 12. Bxe4 Bxe4 13. Nbd2 Bd3 14. d5 Bxf1 15. dxc6 Bd3 16. cxb7 Qxb7 17. Ne5 Be7 18. Qa4+ Kf8 19. Nd7+ Kg8 20. Bxe7 f6 21. Ba3 Rd8 22. Nc5 Qb6 23. Nxd3 Qd4 24. Nb2 1-0

[Event "FRM-ch op"]
[Site "Ohrid"]
[Date "2019.08.30"]
[Round "9"]
[White "Ismaili, Admirim"]
[Black "Petrovic, Lazar1111"]
[Result "1/2-1/2"]
[WhiteElo "1483"]
[BlackElo "1699"]
[PlyCount "65"]
[EventDate "2019.08.24"]
[EventType "swiss"]
[EventRounds "9"]
[EventCountry "MKD"]
[SourceTitle "EXT 2020"]
[Source "ChessBase"]
[SourceDate "2019.10.17"]
[SourceVersion "1"]
[SourceVersionDate "2019.10.17"]
[SourceQuality "1"]

1. e4 c5 2. Nf3 d6 3. d4 cxd4 4. Nxd4 Nf6 5. Nc3 a6 6. Bg5 e5 7. Nf5 Bxf5 8. exf5 Be7 9. a4 Nc6 10. Bxf6 Bxf6 11. Bc4 0-0 12. 0-0 Nd4 13. Qd3 Qd7 14. g4 Rac8 15. a5 Nxc2 16. Bb3 Nxa1 17. Rxa1 e4 18. Nxe4 Bxb2 19. Rd1 Rc1 20. Rxc1 Bxc1 21. g5 Qb5 22. Qh3 d5 23. g6 fxg6 24. fxg6 hxg6 25. Qe6+ Kh7 26. Bxd5 Qxa5 27. Qh3+ Bh6 28. Ng5+ Kh8 29. Nf7+ Kh7 30. Ng5+ Kh8 31. Nf7+ Kh7 32. Ng5+ Kh8 33. Nf7+ 1/2-1/2

[Event "FRM-ch op"]
[Site "Ohrid"]
[Date "2019.08.24"]
[Round "1"]
[White "Krstev, Emil"]
[Black "Ismaili, Admirim"]
[Result "1-0"]
[WhiteElo "2024"]
[BlackElo "1483"]
[PlyCount "73"]
[EventDate "2019.08.24"]
[EventType "swiss"]
[EventRounds "9"]
[EventCountry "MKD"]
[SourceTitle "EXT 2020"]
[Source "ChessBase"]
[SourceDate "2019.10.17"]
[SourceVersion "1"]
[SourceVersionDate "2019.10.17"]
[SourceQuality "1"]

1. d4 Nf6 2. c4 e6 3. Nc3 Bb4 4. Nf3 b6 5. e3 Bb7 6. Bd3 0-0 7. Qc2 d5 8. a3 Bxc3+ 9. bxc3 Ne4 10. 0-0 Nd7 11. Nd2 Nxd2 12. Bxd2 h6 13. f3 c5 14. cxd5 exd5 15. Bh7+ Kh8 16. Bf5 g6 17. Bh3 f5 18. e4 dxe4 19. Bxh6 exf3 20. Bxf8 Qxf8 21. gxf3 Qh6 22. Bg2 Kg7 23. Rae1 Rh8 24. h3 Qg5 25. Qe2 Rf8 26. Qe7+ Qxe7 27. Rxe7+ Rf7 28. Rxf7+ Kxf7 29. f4 Bxg2 30. Kxg2 Nf6 31. Kf3 Ne4 32. dxc5 Nd2+ 33. Kf2 bxc5 34. Rc1 Ke6 35. c4 Ne4+ 36. Kf3 Ke7 37. Re1 1-0

[Event "FRM-ch U16"]
[Site "Struga"]
[Date "2019.04.27"]
[Round "2"]
[White "Ismaili, Admirim"]
[Black "Eftovska, Lea"]
[Result "0-1"]
[WhiteElo "1384"]
[BlackElo "1454"]
[PlyCount "100"]
[EventDate "2019.04.26"]
[EventType "swiss"]
[EventRounds "5"]
[EventCountry "MKD"]
[SourceTitle "CBM 190 Extra"]
[Source "ChessBase"]
[SourceDate "2019.07.15"]
[SourceVersion "1"]
[SourceVersionDate "2019.07.15"]
[SourceQuality "1"]

1. e4 e5 2. Nf3 Nc6 3. Bb5 a6 4. Ba4 Nf6 5. 0-0 b5 6. Bb3 Bc5 7. c3 d6 8. d4 Bb6 9. a4 Bb7 10. a5 Ba7 11. Re1 h6 12. h3 0-0 13. Be3 Re8 14. dxe5 Nxe5 15. Nxe5 Rxe5 16. Bxa7 Rxa7 17. f3 c5 18. Nd2 Re8 19. Nf1 Bc6 20. Ne3 g6 21. Bd5 Bxd5 22. Nxd5 Nxd5 23. Qxd5 Re5 24. Qd2 Kg7 25. f4 Re6 26. b4 Rae7 27. Rad1 Qc7 28. Qd5 Rd7 29. e5 dxe5 30. Qxc5 Qxc5+ 31. bxc5 e4 32. g4 f5 33. gxf5 gxf5 34. Rd5 Kf6 35. Kf2 Rc6 36. Ke3 Rdc7 37. Kd4 Ke6 38. Rg1 Kf6 39. h4 Re6 40. h5 Rg7 41. Re1 Rg4 42. Rd7 Rxf4 43. Rh1 Kg5 44. Kd5 Re8 45. c6 e3 46. c7 Rc4 47. Kd6 f4 48. Rf7 e2 49. Re1 Kxh5 50. Re7 Rxe7 0-1

[Event "FRM-ch U16"]
[Site "Struga"]
[Date "2019.04.26"]
[Round "1"]
[White "Risteski, Emil"]
[Black "Ismaili, Admirim"]
[Result "1/2-1/2"]
[WhiteElo "2136"]
[BlackElo "1384"]
[PlyCount "48"]
[EventDate "2019.04.26"]
[EventType "swiss"]
[EventRounds "5"]
[EventCountry "MKD"]
[SourceTitle "CBM 190 Extra"]
[Source "ChessBase"]
[SourceDate "2019.07.15"]
[SourceVersion "1"]
[SourceVersionDate "2019.07.15"]
[SourceQuality "1"]

1. e4 c5 2. Nf3 d6 3. d4 cxd4 4. Nxd4 Nf6 5. Nc3 a6 6. g3 e5 7. Nde2 Be6 8. Bg2 Be7 9. 0-0 0-0 10. h3 Nbd7 11. Be3 b5 12. a3 Qc7 13. g4 Nb6 14. Bxb6 Qxb6 15. Ng3 g6 16. Nd5 Bxd5 17. exd5 Nd7 18. Kh1 Rac8 19. c3 Bg5 20. Be4 a5 21. Bg2 Nc5 22. Ne4 Nxe4 23. Bxe4 Rc4 24. Qe2 Rfc8 1/2-1/2

[Event "FRM-ch U14"]
[Site "Struga"]
[Date "2018.06.14"]
[Round "7"]
[White "Ismaili, Admirim"]
[Black "Boneski, Aleksandar"]
[Result "1/2-1/2"]
[WhiteElo "1370"]
[BlackElo "1174"]
[PlyCount "34"]
[EventDate "2018.06.09"]
[EventType "swiss"]
[EventRounds "7"]
[EventCountry "MKD"]
[SourceTitle "CBM 185 Extra"]
[Source "ChessBase"]
[SourceDate "2018.07.29"]
[SourceVersion "1"]
[SourceVersionDate "2018.07.29"]
[SourceQuality "1"]

1. d4 d5 2. c4 e6 3. Nc3 Bb4 4. Nf3 Bxc3+ 5. bxc3 h6 6. Bf4 Nf6 7. e3 c6 8. Qc2 Qa5 9. Rc1 Nbd7 10. Bd3 b6 11. 0-0 Ba6 12. cxd5 Bxd3 13. Qxd3 cxd5 14. Nd2 0-0 15. Rc2 Rfc8 16. c4 Qa4 17. Rfc1 Rc6 1/2-1/2

[Event "Vevcani Lasker U20 op"]
[Site "Vevcani"]
[Date "2017.10.21"]
[Round "4"]
[White "Ismaili, Admirim"]
[Black "Djorovic, Jovan"]
[Result "1-0"]
[WhiteElo "1263"]
[BlackElo "1590"]
[PlyCount "74"]
[EventDate "2017.10.20"]
[EventType "swiss"]
[EventRounds "7"]
[EventCountry "MKD"]
[SourceTitle "CBM 181 Extra"]
[Source "ChessBase"]
[SourceDate "2017.12.12"]
[SourceVersion "1"]
[SourceVersionDate "2017.12.12"]
[SourceQuality "1"]

1. e4 e5 2. Nf3 Nc6 3. Bb5 a6 4. Ba4 b5 5. Bb3 d6 6. c3 Bg4 7. h3 Bh5 8. d3 Nf6 9. 0-0 Ne7 10. Nbd2 c5 11. Re1 Nc6 12. Nf1 Be7 13. Ng3 h6 14. Nxh5 Nxh5 15. Nxe5 Nxe5 16. Qxh5 0-0 17. Qe2 Bh4 18. Bf4 Re8 19. g3 Ng6 20. Qg4 Bg5 21. Bxg5 Qxg5 22. Qxg5 hxg5 23. Bd5 Rab8 24. Re3 Nf8 25. f4 gxf4 26. gxf4 Ng6 27. Rf1 Ne7 28. Bb3 Nf5 29. Ref3 Nh6 30. Bd5 a5 31. R1f2 Kh8 32. f5 f6 33. Rg2 b4 34. c4 b3 35. a3 Re7 36. Re2 Nf7 37. Rf4 Ne5 1-0

[Event "FRM-ch U14"]
[Site "Struga"]
[Date "2017.06.14"]
[Round "5"]
[White "Velkovski, Kristijan"]
[Black "Ismaili, Admirim"]
[Result "1-0"]
[WhiteElo "1679"]
[BlackElo "1220"]
[PlyCount "43"]
[EventDate "2017.06.10"]
[EventType "swiss"]
[EventRounds "5"]
[EventCountry "MKD"]
[SourceTitle "EXT 2018"]
[Source "ChessBase"]
[SourceDate "2017.10.13"]
[SourceVersion "1"]
[SourceVersionDate "2017.10.13"]
[SourceQuality "1"]

1. e4 c5 2. Nf3 d6 3. Bb5+ Bd7 4. Bxd7+ Qxd7 5. Nc3 Nc6 6. d3 Nf6 7. Be3 e6 8. 0-0 Be7 9. d4 cxd4 10. Bxd4 0-0 11. Qe2 d5 12. Rad1 Nxd4 13. Nxd4 e5 14. Nf5 d4 15. f4 Bc5 16. Kh1 Qc6 17. fxe5 dxc3 18. exf6 Qxf6 19. bxc3 Qxc3 20. Rd3 Qf6 21. Rg3 Bd4 22. Nxg7 1-0

[Event "FRM-ch U14"]
[Site "Struga"]
[Date "2017.06.10"]
[Round "1"]
[White "Jordanov, Mihail"]
[Black "Ismaili, Admirim"]
[Result "1-0"]
[WhiteElo "1730"]
[BlackElo "1220"]
[PlyCount "81"]
[EventDate "2017.06.10"]
[EventType "swiss"]
[EventRounds "5"]
[EventCountry "MKD"]
[SourceTitle "EXT 2018"]
[Source "ChessBase"]
[SourceDate "2017.10.13"]
[SourceVersion "1"]
[SourceVersionDate "2017.10.13"]
[SourceQuality "1"]

1. e4 c5 2. Nc3 Nc6 3. g3 g6 4. Bg2 Bg7 5. d3 e6 6. Be3 d6 7. Qd2 Nd4 8. Nf3 Ne7 9. 0-0 0-0 10. Bh6 Re8 11. Bxg7 Kxg7 12. Nxd4 cxd4 13. Ne2 e5 14. f4 f5 15. c3 Qb6 16. cxd4 exd4 17. Rac1 Be6 18. b3 Rac8 19. Qb2 fxe4 20. Bxe4 d5 21. Bg2 Nf5 22. Kh1 Kg8 23. Rfe1 h5 24. Ng1 Ne3 25. Nf3 Rc3 26. Rxc3 dxc3 27. Qxc3 Ng4 28. Qd4 Nf2+ 29. Kg1 Nxd3 30. Qxb6 axb6 31. Re3 Nc1 32. Nd4 Bf7 33. Rxe8+ Bxe8 34. Bxd5+ Bf7 35. Bxf7+ Kxf7 36. a3 Ke7 37. Kf2 Kd6 38. Ke3 Kd5 39. b4 Na2 40. Nf3 Ke6 41. Kd2 1-0